Test! - Estaciones de Metrovalencia - Estadísticas

Estadísticas generales
  • Esta prueba ha sido intentada 83 veces
  • La puntuación promedio es 61 de 143
Estadísticas de respuestas
Linea Estacion % Correcto
1, 2, 3, 5, 9 Angel Guimera
86%
1 Colegi El Vedat
86%
5, 7 Maritim
82%
3, 4, 6, 9 Benimaclet
80%
3, 5, 9 Xativa
79%
5, 7 Amistat
77%
3, 5, 7, 9 Colon
77%
1, 2, 7 Torrent
75%
3, 5 Aeroport
73%
3, 5, 7, 9 Alameda
73%
1, 2 Campanar
73%
5, 7 Arago
71%
1 Betera
71%
10 Alacant
70%
1 Burjassot
70%
2 Lliria
70%
1, 2, 4 Empalme
68%
1, 2, 7 Jesus
68%
2 Paterna
68%
1, 2 Turia
66%
1, 2, 7 Paiporta
63%
5, 7 Ayora
61%
7 Bailen
61%
1 Castello
61%
3, 5, 9 Mislata
61%
1, 2, 7 Patraix
61%
3, 5, 9 Avinguda del Cid
59%
4 Reus
59%
2, 7 Torrent Avinguda
59%
1 Godella
57%
3, 5, 9 Manises
57%
1, 2, 7 Picanya
57%
1, 2 Placa Espanya
57%
3 Rafelbunyol
57%
1, 2, 7 Valencia Sud
57%
3, 5, 9 Quart de Poblet
55%
3, 5, 9 Nou d' Octubre
54%
1 Picassent
54%
4 A Punt
52%
1, 2 Beniferri
52%
3, 9 Facultats Manuel Broseta
52%
4 Mas del Rosari
52%
8 Neptu
52%
1, 2, 7 Sant Isidre
52%
3, 5 Roses
50%
4, 6 Universitat Politecnica
50%
2 Benimamet
48%
1 Burjassot-Godella
48%
4, 6 La Carrasca
48%
3, 9 Machado
48%
1, 2, 7 Safranar
48%
3, 9 Alboraia Peris Arago
46%
4, 6 Dr. Lluch
46%
4 Marxalenes
46%
4 Pont de Fusta
46%
4 Benicalap
45%
4, 6 Cabanyal
45%
4 La Granja
45%
1 Seminari-CEU
45%
4, 6 Trinitat
45%
10 Russafa
43%
3, 5, 9 Salt de l’Aigua
43%
6 Tossal del Rei
43%
4 Vicent Andres Estelles
43%
4 Campus
41%
3 Foios
41%
3 Museros
41%
10 Natzaret
41%
1 Rocafort
41%
4, 6 Vicent Zaragoza
41%
4 La Coma
39%
9 Riba Roja de Turia
39%
4, 6 Betero
38%
4 Fira Valencia
38%
4 Florista
38%
4 Palau de Congressos
38%
4 Sagunt
38%
3, 9 Alboraia Palmaret
36%
3, 5, 9 Faitanar
36%
4, 6 La Cadena
36%
1 Massarrojos
36%
3, 5, 9 Mislata Almassil
36%
4, 6 Platja les Arenes
36%
10 Quatre Carreres
36%
2 El Clot
34%
9 La Cova
34%
10 Oceanografic
34%
4 Sant Joan
34%
1 Alberic
32%
2 Benaguasil
32%
1 L' Alcudia
32%
2 L' Eliana
32%
6 Orriols
32%
4, 6 Platja Malva-rosa
32%
4 Transits
32%
9 Valencia la Vella
32%
1 Benimodo
30%
2 Campament
30%
2 Cantereria
30%
4 Garbi
30%
2 La Canyada
30%
3 La Pobla de Farnals
30%
1 Masies
30%
1 Omet
30%
2 Santa Rita
30%
3 Albalat dels Sorells
29%
1 Alginet
29%
3 Almassera
29%
10 Amado Granell Montolivet
29%
6 Canyamelar
29%
2 Entrepins
29%
6 Estadi Ciutat de Valencia
29%
6, 8 Francesc Cubells
29%
3 Massamagrell
29%
4, 6 Tarongers Ernest Lluch
29%
1 Ausias March
27%
1 Carlet
27%
2 La Pobla de Vallbona
27%
3 Meliana
27%
2 Fondo de Benaguasil
25%
2 Fuente del Jarro
25%
6, 8 Grau - La Marina
25%
2 Les Carolines - Fira
25%
1 Massalaves
25%
1 Moncada - Alfara
25%
10 Ciutat Arts i Ciencies - Justicia
23%
1 Espioca
23%
10 Moreres
23%
6 Sant Miquel dels Reis
23%
1 Sant Ramon
23%
6 Alfauir
21%
9 La Presa
21%
4 Lloma Llarga Terramelar
21%
2 Montesol
21%
1 Horta Vella
20%
4 Parc Cientific
18%
2 La Vallesa
16%
9 Masia de Traver
16%
1 Realón
16%
2 Gallipont - Torre del Virrei
14%
1 Montortal
14%
4 Tomas y Valiente
14%
1 Font Almaguer
13%
No se encontraron pruebas coincidentes
Distribución de puntuación
Porcentaje de gente con cada puntuación
Porcentaje por número respondido
Historial de tus puntuaciones
No has intentado esta prueba.